000 00665nam a2200241 i 4500
001 bg
245 0 0 _aUszczelnienia techniczne :
_bCX machine parts /
_c[oprac. Jacek Wysocki].
260 _a[S.l.] :
_bComplex,
_ccop. 2008.
300 _a431 s. :
_bil. kolor. ;
_c26 cm.
500 _aTyt. wg okł.
500 _aNa okł.: ISO 9001:2000.
650 9 _aUszczelnienia
_xzagadnienia
650 9 _aUszczelnienia
_xwyroby
655 _aKatalogi
700 1 _aWysocki, Jacek.
_eOprac.
020 _a9788392759980
040 _cBPK
041 0 _apol
044 _aPOL
920 _a978-83-927599-8-0
942 _cKA
008 s pl f |000 0 pol
999 _c49156
_d49156
856 _uhttp://koha.tu.koszalin.pl/cgi-bin/koha/opac-detail.pl?biblionumber=49156
_yKatalog online BPK